Flow through open channels (Record no. 11092)

000 -LEADER
fixed length control field 00492nam a22001937a 4500
001 - CONTROL NUMBER
control field 11092
003 - CONTROL NUMBER IDENTIFIER
control field BD-DhUET
008 - FIXED-LENGTH DATA ELEMENTS--GENERAL INFORMATION
fixed length control field 150214b xxu||||| |||| 00| 0 eng d
040 ## - CATALOGING SOURCE
Original cataloging agency DLC
Transcribing agency DLC
Modifying agency BD-DhUET
082 ## - DEWEY DECIMAL CLASSIFICATION NUMBER
Classification number 627.01
Item number RAJ/1981
100 ## - MAIN ENTRY--PERSONAL NAME
Personal name Raju, K G Ranga
245 ## - TITLE STATEMENT
Title Flow through open channels
250 ## - EDITION STATEMENT
Edition statement Ist ed.
260 ## - PUBLICATION, DISTRIBUTION, ETC. (IMPRINT)
Place of publication, distribution, etc. New Delhi
Name of publisher, distributor, etc. Tata Mcgraw Hill
Date of publication, distribution, etc. 1981
300 ## - PHYSICAL DESCRIPTION
Extent x, 330p.
Other physical details illus.
504 ## - BIBLIOGRAPHY, ETC. NOTE
Bibliography, etc Includes bibliographies
650 #0 - SUBJECT ADDED ENTRY--TOPICAL TERM
Topical term or geographic name as entry element Open channel flow
942 ## - ADDED ENTRY ELEMENTS (KOHA)
Koha item type General Book
Holdings
Withdrawn status Piece designation (barcode) Location (home branch) Koha normalized classification for sorting Koha full call number Koha item type Shelving location Source of classification or shelving scheme Koha issues (times borrowed) Sublocation or collection (holding branch) Koha date last seen Lost status Price effective from Not for loan Copy number Date acquired Damaged status Koha date last borrowed
 57607Central Library, BUET627_010000000000000_RAJ_1981627.01/RAJ/1981General BookCirculation section  Central Library, BUET2017-05-27 2015-02-14 12015-02-14  
 56714Central Library, BUET627_010000000000000_RAJ_1981627.01/RAJ/1981General BookCirculation section  Central Library, BUET2015-02-23 2015-02-23 22015-02-23  
 56715Central Library, BUET627_010000000000000_RAJ_1981627.01/RAJ/1981General BookCirculation section 1Central Library, BUET2018-02-03 2015-02-23 32015-02-23 2018-01-27
 77612Central Library, BUET627_010000000000000_RAJ_1981627.01/RAJ/1981General BookCirculation section 1Central Library, BUET2025-04-22 2015-02-23 42015-02-23 2018-07-17